Пространственная когерентность в переходном излучении коротких электронных сгустков; Письма в Журнал экспериментальной и теоретической физики; Т. 103, № 11-12
| Parent link: | Письма в Журнал экспериментальной и теоретической физики: научно-теоретический журнал/ Российская академия наук (РАН).— , 1965- Т. 103, № 11-12.— 2016.— [С. 762-766] |
|---|---|
| Yazar: | |
| Müşterek Yazar: | |
| Özet: | Заглавие с экрана В работе рассмотрены характеристики когерентного переходного излучения (КПИ), которое генерируется “дискообразным” электронным сгустком, наклоненным относительно направления его распространения. Показано, что в силу пространственной когерентности угловое распределение ПИ становится асимметричным. Для углов наклона, существенно превышающих характерный угол излучения, равный обратному лоренц-фактору, угловое распределение для длин волн, сравнимых с продольным размером сгустка, становится одномодальным. В этом случае максимум выхода КПИ будет совпадать с углом наклона сгустка. Режим доступа: по договору с организацией-держателем ресурса |
| Dil: | Rusça |
| Baskı/Yayın Bilgisi: |
2016
|
| Seri Bilgileri: | Оптика, лазерная физика |
| Konular: | |
| Online Erişim: | http://elibrary.ru/item.asp?id=26427015 http://www.mathnet.ru/php/archive.phtml?wshow=paper&jrnid=jetpl&paperid=4950&option_lang=rus |
| Materyal Türü: | Elektronik Kitap Bölümü |
| KOHA link: | https://koha.lib.tpu.ru/cgi-bin/koha/opac-detail.pl?biblionumber=651606 |
MARC
| LEADER | 00000naa0a2200000 4500 | ||
|---|---|---|---|
| 001 | 651606 | ||
| 005 | 20250324112713.0 | ||
| 035 | |a (RuTPU)RU\TPU\network\16855 | ||
| 035 | |a RU\TPU\network\14973 | ||
| 090 | |a 651606 | ||
| 100 | |a 20161117d2016 k||y0rusy50 ca | ||
| 101 | 0 | |a rus | |
| 102 | |a RU | ||
| 135 | |a drcn ---uucaa | ||
| 181 | 0 | |a i | |
| 182 | 0 | |a b | |
| 200 | 1 | |a Пространственная когерентность в переходном излучении коротких электронных сгустков |f А. П. Потылицын | |
| 203 | |a Текст |c электронный | ||
| 225 | 1 | |a Оптика, лазерная физика | |
| 300 | |a Заглавие с экрана | ||
| 320 | |a [Библиогр.: с. 766 (10 назв.)] | ||
| 330 | |a В работе рассмотрены характеристики когерентного переходного излучения (КПИ), которое генерируется “дискообразным” электронным сгустком, наклоненным относительно направления его распространения. Показано, что в силу пространственной когерентности угловое распределение ПИ становится асимметричным. Для углов наклона, существенно превышающих характерный угол излучения, равный обратному лоренц-фактору, угловое распределение для длин волн, сравнимых с продольным размером сгустка, становится одномодальным. В этом случае максимум выхода КПИ будет совпадать с углом наклона сгустка. | ||
| 333 | |a Режим доступа: по договору с организацией-держателем ресурса | ||
| 461 | |t Письма в Журнал экспериментальной и теоретической физики |o научно-теоретический журнал |f Российская академия наук (РАН) |d 1965- | ||
| 463 | |t Т. 103, № 11-12 |v [С. 762-766] |d 2016 | ||
| 610 | 1 | |a электронный ресурс | |
| 610 | 1 | |a труды учёных ТПУ | |
| 610 | 1 | |a пространственная когерентность | |
| 610 | 1 | |a электронные сгустки | |
| 700 | 1 | |a Потылицын |b А. П. |c российский физик |c профессор Томского политехнического университета |f 1945- |g Александр Петрович |3 (RuTPU)RU\TPU\pers\15853 |9 5531 | |
| 712 | 0 | 2 | |a Национальный исследовательский Томский политехнический университет |b Физико-технический институт |b Кафедра прикладной физики (№ 12) |3 (RuTPU)RU\TPU\col\18729 |9 27178 |
| 801 | 2 | |a RU |b 63413507 |c 20161117 |g RCR | |
| 856 | 4 | |u http://elibrary.ru/item.asp?id=26427015 | |
| 856 | 4 | |u http://www.mathnet.ru/php/archive.phtml?wshow=paper&jrnid=jetpl&paperid=4950&option_lang=rus | |
| 942 | |c CF | ||